000 00569nam a2200193Ia 4500
005 20260429111920.0
008 260429s9999||||xx |||||||||||||| ||und||
020 _a9789348491367
041 _aEnglish
082 _a780.92
_bSHA
100 _aSharma, Om Prakash
245 0 _aUntouched aspects of musicians :
_bwith special reference to Indian music /
_cOm Prakash Sharma
250 _a1st ed.
260 _aNew Delhi :
_bKanishka Publisher Distributors,
_c2025.
300 _axvi, 223 p.; hb
650 _a Untouchability
650 _aMusicians
942 _cTB
999 _c51414
_d51414